| 000 | 01518nam a2200277Ia 4500 | ||
|---|---|---|---|
| 001 | dia_3042 | ||
| 003 | CHAP | ||
| 005 | 20230314115227.0 | ||
| 008 | 220117s1981 xx 000 0 und d | ||
| 010 | _a173546 | ||
| 040 | _cCHAP | ||
| 082 | _aC 912.014 M49 1981 | ||
| 110 |
_aMéxico. Secretaría de programación y Presupusto, Coordinación General de los Servicios Nacionales de Estadística, Geografía e Informática _9153938 |
||
| 245 |
_aGuías para la interpretación de cartografía / _c Secretaría de programación y Presupusto, Coordinación General de los Servicios Nacionales de Estadística, Geografía e Informática. |
||
| 260 |
_aMéxico : _b Secretaría de programación y Presupusto, Coordinación General de los Servicios Nacionales de Estadística, Geografía e Informática., _c1981 |
||
| 300 | _a11 v. | ||
| 505 | _av.Climatología \ v.2. Topografía \ v.3. Recursos naturales \v.4. Geología \ v.5. Uso del suelo \ v.6. Uso potencial del suelo \ v.7. Hidrología \ v.8. Cartas urbanas \ v.9. Fotografía aérea \ v.10. Ortofotografía \ v.1Edafología | ||
| 590 | _aGA108.5 M49 1981 | ||
| 650 |
_aCartografía _xMexíco _919653 |
||
| 650 |
_aCartography _xMexico _9153939 |
||
| 710 |
_aSecretaría de programación y Presupuesto, Coordinación General de los Servicios Nacionales de Estadística, Geografía e Informática _9153940 |
||
| 901 | _aC 912.014 M49 1981 | ||
| 902 | _aM | ||
| 905 | _a5232271981 mx BMD 8225123322spa16 | ||
| 942 |
_cLIBRO _2ddc |
||
| 999 |
_c173546 _d173546 |
||